MARC

LEADER 00000nam0a2200000 4500
001 332911
005 20231102004513.0
035 |a (RuTPU)RU\TPU\book\358901 
035 |a RU\TPU\book\358795 
035 |a RU\TPU\book\298850 
090 |a 332911 
100 |a 20170602d1981 k y0rusy50 ca 
101 0 |a rus 
102 |a RU 
105 |a a z 001zy 
200 1 |a Исследования режима озер и водохранилищ  |e [сборник трудов]  |f Государственный гидрологический институт (ГГИ) ; под ред. В. А. Знаменского 
210 |a Ленинград  |c Гидрометеоиздат  |d 1981 
215 |a 131 с.  |c ил. 
225 1 |a Труды Государственного гидрологического института  |v Вып. 274 
320 |a Библиография в конце статей 
606 1 |a Озера  |x Водный режим  |2 stltpush  |3 (RuTPU)RU\TPU\subj\46821  |9 65915 
610 1 |a водный баланс 
610 1 |a приток 
610 1 |a испарения 
610 1 |a растворенные вещества 
610 1 |a температура 
610 1 |a течения 
610 1 |a статистические методы 
675 |a 556.555  |v 3 
702 1 |a Знаменский  |b В. А.  |4 340 
712 0 2 |a Государственный гидрологический институт (ГГИ)  |c (Санкт-Петербург)  |2 stltpush  |3 (RuTPU)RU\TPU\col\7764 
801 0 |a RU  |b 63413507  |c 19950704  |g psbo 
801 1 |a RU  |b 63413507  |c 20150919 
801 2 |a RU  |b 63413507  |c 20170605  |g RCR 
942 |c BK